Java: The Complete Reference
| Auteur principal: | |
|---|---|
| Format: | Inconnue |
| Publié: |
McGraw-Hill Education
2018
|
| Édition: | 11th ed. |
| LEADER | 00231 a2200097 4500 | ||
|---|---|---|---|
| 020 | |a 9781260440232 | ||
| 100 | |a Herbert Schildt | ||
| 245 | |a Java: The Complete Reference | ||
| 250 | |a 11th ed. | ||
| 260 | |b McGraw-Hill Education |c 2018 | ||
| 999 | |c 41026 |d 41026 | ||